|
|
|
|
| LEADER |
00812cam a2200229 7i4500 |
| 001 |
0000062496 |
| 005 |
20220309090000.0 |
| 020 |
|
|
|a 9780132665001 (paperback)
|
| 090 |
0 |
0 |
|a T58.6
|b .K76 2012
|
| 100 |
1 |
|
|a Kroenke, David M
|
| 245 |
1 |
0 |
|a MIS essentials
|c David M. Kroenke.
|
| 250 |
|
|
|a Second edition.
|
| 264 |
|
|
|a Upper Saddle River, New Jersey:
|b Pearson Education,
|c 2012.
|
| 300 |
|
|
|a 376 pages:
|b colour illustrations;
|c 28 cm.
|
| 336 |
|
|
|a text
|2 rdacontent
|
| 337 |
|
|
|a unmediated
|2 rdamedia
|
| 338 |
|
|
|a volume
|2 rdacarrier
|
| 650 |
|
0 |
|a Management information systems
|
| 650 |
|
0 |
|a Business --
|x Data processing
|
| 997 |
|
|
|a Communication, Visual Art & Computing, Faculty
|b Computing, Department
|
| 998 |
|
|
|a Information Technology, Degree
|
| 999 |
|
|
|a 0000069620
|b BOK
|c OPEN SHELF
|e 2nd Floor, Bestari Jaya
|